000 00384nam a2200145 i 4500
001 bg
100 1 _aSTOLJAROW, E. A.
245 0 _aRascet fiziko-chimiceskich svojstv źidkostej spravocnik /
_cE.A. Stoljarow, N.G. Orlova.
260 _aLeningrad,
_c1976.
700 1 _aORLOVA, N. G.
040 _cBPK
041 _apol
942 _cKS
008 s pl f |000 0 pol
999 _c17047
_d17047
856 _uhttp://koha.tu.koszalin.pl/cgi-bin/koha/opac-detail.pl?biblionumber=17047
_yKatalog online BPK